Miroslavovi Červenkovi

Bibliographic Details
Main Author: Zajac, Peter, 1946- (Author)
Format: Article
Language:Slovak
ISSN:0037-6973
Subjects:

MARC

LEADER 00000nab a2200000 a 4500
001 vtls008826859
003 SK-MaSNL
005 20260304140001.0
008 250505c2006 xo mr|p|||||||000 b|slo
015 |a SNBRB2006/06  |2 snkbucl 
035 |a (uuid)2021f490-0939-4df1-95c7-0684370de9bb 
035 |a urn:nbn:sk:snk-abf4r1 
035 |a (urnnbn)urn:nbn:sk:snk:ar-004zku 
038 |a SNKBUCL 
040 |a SNKBUCL  |b slo  |c SNKBUCL  |e AACR2 
041 0 |a slo 
044 |a xo  |c SK 
080 |a 82:929:821.162.3  |2 1997 
080 |a 821.162.3:929  |2 1997 
080 |a 929 Červenka, Miroslav  |2 1997 
100 1 |a Zajac, Peter,  |d 1946-  |4 aut  |9 103277 
245 1 0 |a Miroslavovi Červenkovi  |c Peter Zajac 
600 1 7 |a Červenka, Miroslav,  |d 1932-2005  |2 snkbucl  |9 103669 
655 7 |a nekrológy  |2 snkbucl  |9 402542 
773 0 |t Slovenská literatúra  |g Roč. LIII, č. 1 (2006), s. 82-83  |x 0037-6973 
850 |a Slovenská národná knižnica 
852 |a Slovenská národná knižnica 
954 |a odborná, vedecká literatúra pôvodná (slovenská)  |2 lita 
958 |a article27 
958 |a LX 
958 |a CZ 
958 |a BC 
958 |a OND 
958 |a EUIPO 
999 |c 2913021  |d 2914951